| 000 | 00510nam a22001937a 4500 | ||
|---|---|---|---|
| 003 | NUST - PNEC | ||
| 005 | 20170116180748.0 | ||
| 008 | 150226b xxu||||| |||| 00| 0 eng d | ||
| 020 | _a9781846140075 | ||
| 040 | _cLIBRARY | ||
| 082 | _a327.7305694 MEA | ||
| 100 |
_91498 _aMearsheimer John J. |
||
| 245 |
_aThe Israel Lobby : And US Foreign Policy _cJohn J. Mearsheimer |
||
| 250 | _a- | ||
| 260 |
_aLondon _bAllen Lane _cc2007. |
||
| 300 | _a484 p. : | ||
| 650 |
_91500 _aHistory _xMIS |
||
| 942 |
_2ddc _cBK |
||
| 999 |
_c62435 _d62435 |
||